Jacinto /
Guardado en:
| Autor Principal: | |
|---|---|
| Otros Autores: | |
| Formato: | Libro |
| Publicado: |
Buenos Aires :
Sudamericana,
1993.
|
| Edición: | 1a ed. |
| Series: | Pan Flauta. Azul. Aventuras / Gigliola Zecchin de Duhalde ;
39 |
| Materias: | |
| Etiquetas: |
Agregar Etiqueta
Sin Etiquetas, Sea el primero en etiquetar este registro!
|
| LEADER | 00998nam a22002775a 4500 | ||
|---|---|---|---|
| 001 | CEM.cems019845 | ||
| 008 | 221110s1993##################000#0#####d | ||
| 005 | 20221110092926.0 | ||
| 245 | 1 | 0 | |a Jacinto / |c Graciela Beatriz Cabal ; ilustrado por Mónica Weiss. |
| 250 | |a 1a ed. | ||
| 260 | |a Buenos Aires : |b Sudamericana, |c 1993. | ||
| 300 | |a 64 p. | ||
| 490 | 0 | |a Pan Flauta. Azul. Aventuras / Gigliola Zecchin de Duhalde ; |v 39 | |
| 500 | |a Canela seudónimo de Gigliola Zecchin de Duhalde. | ||
| 020 | |a 9500711907 | ||
| 100 | 1 | |a Cabal, Graciela Beatriz. | |
| 700 | 1 | |a Weiss, Mónica; il. | |
| 082 | 0 | 4 | |a A868.4 |
| 653 | |a Literatura | ||
| 653 | |a Literatura Argentina | ||
| 653 | |a Literatura infantil | ||
| 653 | |a Cuentos | ||
| 653 | |a Cuento infantil | ||
| 859 | |a CEMS |b BIB. CEMS - Inicial y Primaria |h A868.4 |i C111-2 |k IP |p 1434 |t Ej.1 | ||
| 859 | |a CEMS |b BIB. CEMS - Inicial y Primaria |h A868.4 |i C111-2 |k IP |p 2921 |t Ej.2 | ||
| 859 | |a CEMS |b BIB. CEMS - Inicial y Primaria |h A868.4 |i C111-2 |k IP |p 4588 |t Ej.3 | ||
